000 01574cam a2200157 4500500
005 20260329020821.0
041 _afre
042 _adc
100 1 0 _aAugustins, Georges
_eauthor
245 0 0 _aPara Martine: de las ATP a Nanterre, pasando por otros lugares
260 _c2024.
500 _a89
520 _aEl trabajo de investigación depende en gran medida de la autonomía de los investigadores. Al elegir el terreno de estudio o al producir y analizar los datos, las posibilidades de producir una «buena» ciencia social se reducen considerablemente si se debe responder a las exigencias de una autoridad prescriptora o someterse a su censura. Sin embargo, hay espacios y actividades que, de entrada, no pueden transformarse en terrenos de investigación sin el riesgo de que el conocimiento resultante exponga a los sujetos estudiados a peligros que pueden llegar a ser vitales. El tiempo y el lugar de trabajo militar es uno de ellos. En este artículo se propone un método para «convencionalizar» este tipo de estudios, de manera que los etnógrafos puedan producir una «buena» ciencia social sobre el «hacer» de la guerra sin que el conocimiento publicado ponga en peligro la vida de los soldados. En términos más generales, se critica cualquier tendencia al exclusivismo metodológico y se aboga por una combinación de las formas de investigación.
786 0 _nEthnologie française | 54 | 3 | 2024-11-15 | p. 129-132 | 0046-2616
856 4 1 _uhttps://shs.cairn.info/revista-ethnologie-francaise-2024-3-page-129?lang=es&redirect-ssocas=7080
999 _c1908097
_d1908097